00393nam a2200145Ia 4500003000400000005001700004008004100021040001800062041000800080100004700088110002100135245003400156260002200190710003500212OSt20260303142007.0211028s2004 xx 000 0 und d cAIMIT LIBRARY aeng aMascarenhas, Prem;Pillar, Bharati.g194024 aPillar, Bharati. aLeave and attendance system / aNavi Mumbaic2004 aLarsen and Toubro Infotech Ltd